Les petites phrases des présidents - Statistiques

Statistiques générales
  • Ce quiz a été pris 68 fois
  • Le résultat moyen est 8 sur 17
Statistiques - réponses
Hint Réponse % Correct
Vive le Québec, vive le Québec libre ! Charles de Gaulle
77%
Casse-toi pauvre con ! Nicolas Sarkozy
77%
Vous en avez assez hein ? Vous avez assez de cette bande de racailles ? Ben on va vous en débarrasser. Nicolas Sarkozy
74%
La pomme est un fruit sympathique et je l'observe tous les jours ! Jacques Chirac
70%
Celui qui n'accepte pas cette rupture avec l'ordre établi, avec la société capitaliste, celui-là ne peut pas être adhérent du parti socialiste. François Mitterrand
62%
Je commence à en avoir assez ! What do you want ? Me to go back to my place and go back to France ? Is that what you want ? [...] No this is not a method ! This is a provocation ! Please you stop now ! Jacques Chirac
56%
Une gare, c'est un lieu où on croise les gens qui réussissent et les gens qui ne sont rien. Emmanuel Macron
49%
La réforme oui, la chienlit, non ! Charles de Gaulle
41%
Je ne prendrais pas ce chiffre pour dire que c'est un échec : ça n'a pas marché. Emmanuel Macron
39%
Ce sont des pauvres, ils sont sans dents. François Hollande
36%
Je demande aux Français de ne pas aller dans les zones à risques parce que c'est dangereux. François Hollande
34%
Je trouve toujours choquant et blessant de s'arroger le monopole du cœur. Vous n'avez pas, monsieur ***, le monopole du cœur ! Valéry Giscard d'Estaing
33%
Ça, c'était un ballon tout mou. Mais parfois, les mous peuvent atteindre la perfection, la subtilité, l'élégance, la surprise. François Hollande
31%
Il est tout à fait vrai que depuis toujours et aujourd'hui je me fais en effet de la France une certaine idée : je veux dire par là qu'à mon sens, elle est quelque chose de très grand ! Charles de Gaulle
28%
Notre système, précisément parce qu’il est bâtard, est peut-être plus souple qu’un système logique. Les « corniauds » sont souvent plus intelligents que les chiens de race. Georges Pompidou
23%
Ce que j'attends de lui n'est pas de mettre en œuvre je ne sais quelle forme d'austérité nouvelle ! Mais de continuer leur entreprise adaptée à la rigueur des temps. François Mitterrand
16%
Conduisons-nous comme un peuple jeune et fier, ne nous laissons pas accabler par les rhumatismes de l'histoire ! Valéry Giscard d'Estaing
13%
Aucun quiz correspondant
Distribution des résultats
% des personnes avec chaque résultat
Percentile par nombre de réponses
Votre historique - résultats
Vous n’avez pas pris ce quiz